Flags of tricolor countries - Statistics

General Stats
  • This quiz has been taken 31 times
  • The average score is 58 of 74
Answer Stats
Picture Answer % Correct
Norway
96%
Romania
92%
Saint Vincent and Grenadine
92%
Belgium
88%
Estonia
88%
Iran
88%
Ireland
88%
Italy
88%
Netherlands
88%
New Zealand
88%
United States of America
88%
Angola
84%
Bahamas
84%
Bosnia and Herzegovina
84%
Bulgaria
84%
Colombia
84%
Cyprus
84%
Germany
84%
Hungary
84%
Kosovo
84%
Laos
84%
Lebanon
84%
Nepal
84%
North Korea
84%
Senegal
84%
Slovakia
84%
Thailand
84%
Trinidad and Tobago
84%
Yemen
84%
Armenia
80%
Cameroon
80%
Cuba
80%
Grenada
80%
Mali
80%
Russia
80%
Samoa
80%
Algeria
76%
Australia
76%
Barbados
76%
Burundi
76%
Chad
76%
Chile
76%
France
76%
Guinea
76%
Iceland
76%
Ivory Coast
76%
Jamaica
76%
Lithuania
76%
Luxembourg
76%
Panama
76%
Republic of Congo
76%
Taiwan
76%
United Kingdom
76%
Belarus
72%
Benin
72%
Costa Rica
72%
Czech Republic
72%
Democratic Republic of Congo
72%
Liberia
72%
Madagascar
72%
Marshall Islands
72%
Niger
72%
Oman
72%
Bolivia
68%
Botswana
68%
Burkina Faso
68%
Malawi
68%
Maldives
68%
Mauritania
68%
Mongolia
68%
Rwanda
68%
Sierra Leone
68%
Gabon
64%
Nauru
64%
No matching quizzes found
Score Distribution
Percent of People with Each Score
Percentile by Number Answered
Your Score History
You have not taken this quiz